Tvorba edukačnej pomôcky pre podporu výučby predmetu PLA

Salvato in:
Dettagli Bibliografici
Autore principale: Červenka, Samuel (Autore)
Altri autori: Németh, Martin (Relatore della tesi)
Natura: Manoscritto Libro
Lingua:slovacco
Pubblicazione: 2019
Soggetti:
Accesso online:http://is.stuba.sk/zp/portal_zp.pl?podrobnosti=153140
Tags: Aggiungi Tag
Nessun Tag, puoi essere il primo ad aggiungerne!!

MARC

LEADER 00000ntm a22000003a 4500
001 stuzp71989
003 SK-STU
005 20190629210743.5
007 ta
008 150427s2015----xo-----f-mn---000-0-slo-d
040 |a STU  |b slo 
041 0 |a slo 
100 1 |a Červenka, Samuel  |u 066000  |4 aut  |U MTF Materiálovotechnologická fakulta  |T MTF Ústav aplikovanej informatiky, automatizácie a mechatroniky  |X 88404  |U M6000  |Y 86  |7 88404 
242 0 1 |a Creation of a learning aid to support the teaching of the PLA subject  |y eng 
245 1 0 |a Tvorba edukačnej pomôcky pre podporu výučby predmetu PLA 
260 |c 2019 
650 4 |a HMI  |2 slo 
650 4 |a TIA Portal  |2 slo 
650 4 |a PLC  |2 slo 
650 4 |a PLC  |2 eng 
650 4 |a HMI  |2 eng 
650 4 |a TIA Portal  |2 eng 
700 1 |a Németh, Martin  |u 066000  |k Z1  |4 ths  |U MTF Materiálovotechnologická fakulta  |T MTF Ústav aplikovanej informatiky, automatizácie a mechatroniky  |X 57258  |U M6000  |Y 86  |7 A000057258 
856 4 |u http://is.stuba.sk/zp/portal_zp.pl?podrobnosti=153140 
996 |c M* BP-8687  |l MMSKP  |s P  |a 0  |w stuzp71989_0001